Statistics for Which bands did these drummers play with?

Click here to take the quiz!

General Stats

  • This quiz has been taken 47 times
  • The average score is 5 of 10

Answer Stats

HintAnswer% Correct
Keith MoonThe Who
88%
John BonhamLed Zeppelin
86%
Dave GrohlNirvana
86%
Neil PeartRush
60%
Stewart CopelandThe Police
60%
Ian PaiceDeep Purple
40%
Paul CookSex Pistols
26%
Jon MossCulture Club
19%
Topper HeadonThe Clash
17%
Rick BucklerThe Jam
14%

Score Distribution

Percentile by Number Answered

Percent of People with Each Score

Your Score History

You have not taken this quiz